Transferové oceňovanie
Päť základných metód na stanovenie transferových cien podľa OECD. Charakteristika jednotlivých metód: metóda nezávislej trhovej ceny, metóda následného predaja, metóda zvýšených nákladov, metóda delenia zisku, metóda čistého obchodného rozpätia.
Enregistré dans:
| Auteur principal: | |
|---|---|
| Format: | Chapitre de livre |
| Langue: | slovaque |
| Sujets: | |
| Tags: |
Pas de tags, Soyez le premier à ajouter un tag!
|
MARC
| LEADER | 00000nla a2200000 4500 | ||
|---|---|---|---|
| 001 | 0246965 | ||
| 005 | 20240417075143.3 | ||
| 041 | 0 | |a slo | |
| 044 | |a SK | ||
| 245 | 1 | 0 | |a Transferové oceňovanie |c Michal Jelínek |
| 520 | |a Päť základných metód na stanovenie transferových cien podľa OECD. Charakteristika jednotlivých metód: metóda nezávislej trhovej ceny, metóda následného predaja, metóda zvýšených nákladov, metóda delenia zisku, metóda čistého obchodného rozpätia. | ||
| 610 | 2 | 0 | |a oceňovanie transferové |
| 610 | 2 | 0 | |a ceny transferové |
| 610 | 2 | 0 | |a ceny trhové |
| 610 | 2 | 0 | |a metódy ohodnocovania |
| 100 | 1 | |a Jelínek, Michal | |